The poverty of rights: Human rights and eradication of poverty (Record no. 1459365)

MARC details
000 -LEADER
fixed length control field 00620nam a2200205Ia 4500
005 - DATE AND TIME OF LATEST TRANSACTION
control field 20250923150101.0
008 - FIXED-LENGTH DATA ELEMENTS--GENERAL INFORMATION
fixed length control field 008 250917s9999 xx 000 0 eng d
037 ## - SOURCE OF ACQUISITION
Stock number Textual
040 ## - CATALOGING SOURCE
Original cataloging agency DSWL
Language of cataloging eng
Transcribing agency DSWL
041 ## - LANGUAGE CODE
Language code of text/sound track or separate title eng
Source of code eng
084 ## - COLON CLASSIFICATION NUMBER
Classification number W:5OzY:43x12, PO1
Assigning agency DSWL
245 #4 - TITLE STATEMENT
Title The poverty of rights: Human rights and eradication of poverty
Statement of responsibility, etc. Ed.by W Vangenugten
260 ## - PUBLICATION, DISTRIBUTION, ETC.
Place of publication, distribution, etc. London
Name of publisher, distributor, etc. Zed Books
Date of publication, distribution, etc. 2001
300 ## - PHYSICAL DESCRIPTION
Extent 209p.
365 ## - TRADE PRICE
Price type code INR
Price amount 1213.62
700 ## - ADDED ENTRY--PERSONAL NAME
Personal name C Perez-Bustillo
9 (RLIN) 842041
925 ## -
-- 1213.62
942 ## - ADDED ENTRY ELEMENTS (KOHA)
Koha item type Textual
Classification part W:5OzY:43x12, PO1
Holdings
Withdrawn status Lost status Damaged status Not for loan Home library Current library Date acquired Total Checkouts Full call number Barcode Date last seen Price effective from Koha item type
        Department of Social Work Library Department of Social Work Library 2025-09-23   W:5OzY:43x12, PO1 SW0027954 2025-09-23 2025-09-23 Textual
Copyright @ Delhi University Library System